[Event "44th Chess Olympiad Open 2022"]
[Site "Chennai"]
[Date "2022.07.30"]
[Round "2.8"]
[White "Onyshchuk, Volodymyr"]
[Black "Veleshnja, Zino"]
[Result "1-0"]
[WhiteElo "2612"]
[BlackElo "2263"]
[Annotator "TA"]
[PlyCount "57"]
[EventDate "2022.07.29"]
[EventType "team-tourn"]
[EventCountry "IND"]
[SourceTitle "playchess.com"]
[Source "ChessBase"]
[SourceQuality "1"]
[WhiteTeam "Ukraine"]
[BlackTeam "Albania"]
[WhiteTeamCountry "UKR"]
[BlackTeamCountry "ALB"]

1. e4 e6 2. d4 d5 3. Nc3 Nf6 4. Bg5 dxe4 5. Nxe4 Be7 6. Bxf6 gxf6 7. Qd2 a6 8.
O-O-O f5 9. Ng3 c5 10. Nf3 cxd4 11. Bc4 b5 12. Bb3 Bb7 13. Ne5 Bd5 14. Rhe1
Bxb3 15. axb3 Rg8 16. Qe2 Ra7 17. Kb1 Qd5 18. Qh5 Bf6 19. c4 bxc4 20. bxc4 Qc5
21. Nd3 Qxc4 22. Qxf5 Rg5 23. Qxf6 Ra5 24. Qh8+ Ke7 25. Qxb8 Qa2+ 26. Kc1 Rd7
27. Qb4+ Ke8 28. Ne4 Rc7+ 29. Kd2 1-0

[Event "44th Chess Olympiad Open 2022"]
[Site "Chennai"]
[Date "2022.07.30"]
[Round "2.8"]
[White "Pasko, Llambi"]
[Black "Korobov, Anton"]
[Result "0-1"]
[WhiteElo "2418"]
[BlackElo "2692"]
[Annotator "TA"]
[PlyCount "68"]
[EventDate "2022.07.29"]
[EventType "team-tourn"]
[EventCountry "IND"]
[SourceTitle "playchess.com"]
[Source "ChessBase"]
[SourceQuality "1"]
[WhiteTeam "Albania"]
[BlackTeam "Ukraine"]
[WhiteTeamCountry "ALB"]
[BlackTeamCountry "UKR"]

1. d4 d5 2. c4 e6 3. Nc3 c6 4. e4 Bb4 5. e5 Ne7 6. a3 Bxc3+ 7. bxc3 c5 8. Nf3
cxd4 9. cxd4 b6 10. a4 Ba6 11. cxd5 Bxf1 12. Kxf1 Qxd5 13. a5 b5 14. Bg5 Nbc6
15. Rc1 O-O 16. Rc5 Qa2 17. Qd2 Qb1+ 18. Rc1 Qf5 19. Ke2 Rfc8 20. Bxe7 Nxe7 21.
Rxc8+ Rxc8 22. Rc1 Qe4+ 23. Kf1 Rxc1+ 24. Qxc1 h6 25. Qe3 Qb1+ 26. Ne1 Nd5 27.
Qd3 Qb4 28. a6 Qa4 29. g3 Qxa6 30. Qc2 b4+ 31. Nd3 Qa1+ 32. Kg2 Qxd4 33. Qc8+
Kh7 34. Nc5 Qc4 0-1

[Event "44th Chess Olympiad Open 2022"]
[Site "Chennai"]
[Date "2022.07.30"]
[Round "2.8"]
[White "Mehmeti, Dritan"]
[Black "Shevchenko, Kirill"]
[Result "0-1"]
[WhiteElo "2371"]
[BlackElo "2654"]
[Annotator "TA"]
[PlyCount "50"]
[EventDate "2022.07.29"]
[EventType "team-tourn"]
[EventCountry "IND"]
[SourceTitle "playchess.com"]
[Source "ChessBase"]
[SourceQuality "1"]
[WhiteTeam "Albania"]
[BlackTeam "Ukraine"]
[WhiteTeamCountry "ALB"]
[BlackTeamCountry "UKR"]

1. d4 Nf6 2. Nf3 c5 3. d5 b5 4. c4 b4 5. Nbd2 d6 6. e4 g6 7. Be2 Bg7 8. O-O
Nbd7 9. Re1 O-O 10. Qc2 a5 11. Nf1 a4 12. Bg5 h6 13. Bh4 Nh5 14. Rab1 g5 15.
Bg3 Qb6 16. Qd2 a3 17. b3 Bc3 18. Qe3 Ndf6 19. h3 Re8 20. e5 Bf5 21. Nxg5 hxg5
22. Qxg5+ Ng7 23. Ne3 Ne4 24. Qxg7+ Kxg7 25. Nxf5+ Kh8 0-1

[Event "44th Chess Olympiad Open 2022"]
[Site "Chennai"]
[Date "2022.07.30"]
[Round "2.9"]
[White "Bluebaum, Matthias"]
[Black "Keinanen, Toivo"]
[Result "1/2-1/2"]
[WhiteElo "2673"]
[BlackElo "2477"]
[Annotator "TA"]
[PlyCount "89"]
[EventDate "2022.07.29"]
[EventType "team-tourn"]
[EventCountry "IND"]
[SourceTitle "playchess.com"]
[Source "ChessBase"]
[SourceQuality "1"]
[WhiteTeam "Germany"]
[BlackTeam "Finland"]
[WhiteTeamCountry "GER"]
[BlackTeamCountry "FIN"]

1. c4 e6 2. Nf3 d5 3. e3 Nf6 4. Nc3 Be7 5. b3 O-O 6. Bb2 c5 7. cxd5 exd5 8. d4
Nc6 9. Be2 Ne4 10. dxc5 Bf6 11. Nd4 Nxc5 12. Nxc6 bxc6 13. O-O Bb7 14. Qc2 Ne6
15. Rfd1 Qe7 16. Bg4 Rfd8 17. Na4 Bxb2 18. Qxb2 c5 19. Rac1 Rac8 20. Qe5 c4 21.
Bxe6 fxe6 22. bxc4 Rxc4 23. Rxc4 dxc4 24. Rxd8+ Qxd8 25. Nc3 h6 26. Qxe6+ Kh8
27. h3 Qd2 28. Qxc4 Qe1+ 29. Kh2 Qxf2 30. Qe2 Qf6 31. Qe1 Qe5+ 32. Kg1 Bc6 33.
e4 Qf4 34. Kh1 a6 35. Qb1 Qg3 36. Qb4 Qf4 37. Qb1 Qg3 38. Qc1 Qd3 39. Qe1 a5
40. Kh2 Qd4 41. Kg3 Qe5+ 42. Kf3 Qf5+ 43. Kg3 Qe5+ 44. Kf3 Qf5+ 45. Kg3 1/2-1/2

[Event "44th Chess Olympiad Open 2022"]
[Site "Chennai"]
[Date "2022.07.30"]
[Round "2.9"]
[White "Nisipeanu, Liviu-Dieter"]
[Black "Sipila, Vilka"]
[Result "1-0"]
[WhiteElo "2642"]
[BlackElo "2416"]
[Annotator "TA"]
[PlyCount "57"]
[EventDate "2022.07.29"]
[EventType "team-tourn"]
[EventCountry "IND"]
[SourceTitle "playchess.com"]
[Source "ChessBase"]
[SourceQuality "1"]
[WhiteTeam "Germany"]
[BlackTeam "Finland"]
[WhiteTeamCountry "GER"]
[BlackTeamCountry "FIN"]

1. d4 Nf6 2. c4 e6 3. Nc3 Bb4 4. e3 O-O 5. Bd3 d5 6. Nf3 dxc4 7. Bxc4 c5 8. O-O
Nc6 9. a3 Ba5 10. Bd3 h6 11. h3 Re8 12. dxc5 Bxc3 13. bxc3 Qa5 14. Qc2 Qxc5 15.
a4 Na5 16. Ba3 Qc7 17. Rfd1 Nc4 18. Bxc4 Qxc4 19. Rd4 Qa6 20. Ne5 b6 21. Rad1
Bb7 22. Nxf7 Kxf7 23. Rd7+ Nxd7 24. Rxd7+ Kf6 25. Qh7 Rg8 26. Be7+ Kf7 27. Bh4+
Kf8 28. Qg6 Qxa4 29. Be7# 1-0

[Event "44th Chess Olympiad Open 2022"]
[Site "Chennai"]
[Date "2022.07.30"]
[Round "2.9"]
[White "Sklyarov, Dmitry V."]
[Black "Svane, Rasmus"]
[Result "1/2-1/2"]
[WhiteElo "2474"]
[BlackElo "2649"]
[Annotator "TA"]
[PlyCount "69"]
[EventDate "2022.07.29"]
[EventType "team-tourn"]
[EventCountry "IND"]
[SourceTitle "playchess.com"]
[Source "ChessBase"]
[SourceQuality "1"]
[WhiteTeam "Finland"]
[BlackTeam "Germany"]
[WhiteTeamCountry "FIN"]
[BlackTeamCountry "GER"]

1. g3 d5 2. Bg2 e5 3. d3 Nf6 4. Nf3 Bd6 5. O-O O-O 6. Nc3 Nbd7 7. e4 dxe4 8.
Nxe4 Nxe4 9. dxe4 Nc5 10. Qe2 a5 11. a4 Qe7 12. Nd2 b6 13. Rd1 Ba6 14. Qg4 Rad8
15. Nf1 Qe6 16. Qxe6 Nxe6 17. Be3 Bc5 18. Bxc5 Nxc5 19. b3 Be2 20. Rxd8 Rxd8
21. Re1 Bxf1 22. Kxf1 Kf8 23. h4 Rd4 24. f3 Ke7 25. Ke2 Rd6 26. Bh3 Na6 27. Rd1
Rc6 28. Rd7+ Ke8 29. Rd2 Rc3 30. Bg2 Nb4 31. Kd1 f6 32. Rf2 Rc5 33. Bf1 Ke7 34.
Bc4 Rc6 35. Rd2 1/2-1/2

[Event "44th Chess Olympiad Open 2022"]
[Site "Chennai"]
[Date "2022.07.30"]
[Round "2.9"]
[White "Koykka, Pekka"]
[Black "Kollars, Dmitrij"]
[Result "0-1"]
[WhiteElo "2361"]
[BlackElo "2648"]
[Annotator "TA"]
[PlyCount "92"]
[EventDate "2022.07.29"]
[EventType "team-tourn"]
[EventCountry "IND"]
[SourceTitle "playchess.com"]
[Source "ChessBase"]
[SourceQuality "1"]
[WhiteTeam "Finland"]
[BlackTeam "Germany"]
[WhiteTeamCountry "FIN"]
[BlackTeamCountry "GER"]

1. Nf3 d5 2. e3 Nf6 3. c4 e6 4. Nc3 Be7 5. b3 O-O 6. Bb2 c5 7. cxd5 Nxd5 8. Be2
Nc6 9. O-O e5 10. Rc1 Nxc3 11. Bxc3 Qd6 12. d4 e4 13. Ne5 Nxe5 14. dxe5 Qg6 15.
Kh1 Rd8 16. Qc2 Bg4 17. f3 exf3 18. Qxg6 hxg6 19. gxf3 Be6 20. Kg2 a6 21. f4 b5
22. Rfd1 Rxd1 23. Rxd1 b4 24. Be1 a5 25. Bb5 Rb8 26. Bc4 Bxc4 27. bxc4 a4 28.
Kf3 f6 29. Rd7 Kf7 30. exf6 gxf6 31. e4 b3 32. axb3 axb3 33. Rd1 f5 34. Rb1 b2
35. e5 g5 36. Bd2 Kg6 37. Ke2 gxf4 38. Bxf4 Bg5 39. Bg3 Bc1 40. Kd3 Rb3+ 41.
Kc2 Rf3 42. e6 f4 43. Bh4 Re3 44. e7 f3 45. Bf2 Rxe7 46. Bxc5 f2 0-1

[Event "44th Chess Olympiad Open 2022"]
[Site "Chennai"]
[Date "2022.07.30"]
[Round "2.10"]
[White "Tin, Jingyao"]
[Black "Adams, Michael"]
[Result "1/2-1/2"]
[WhiteElo "2552"]
[BlackElo "2696"]
[Annotator "TA"]
[PlyCount "99"]
[EventDate "2022.07.29"]
[EventType "team-tourn"]
[EventCountry "IND"]
[SourceTitle "playchess.com"]
[Source "ChessBase"]
[SourceQuality "1"]
[WhiteTeam "SGP"]
[BlackTeam "England"]
[BlackTeamCountry "ENG"]

1. d4 Nf6 2. c4 e6 3. Nc3 Bb4 4. Qc2 d5 5. a3 Bxc3+ 6. Qxc3 O-O 7. Nf3 Ne4 8.
Qc2 b6 9. e3 Bb7 10. Bd3 f5 11. Ne5 Nc6 12. Nxc6 Bxc6 13. O-O dxc4 14. Bxc4 Bd5
15. f3 Nd6 16. Bd3 c5 17. dxc5 Rc8 18. Bd2 Nb7 19. Ba6 Rxc5 20. Qd3 Rc7 21. Bb4
Nc5 22. Bxc5 bxc5 23. Bc4 Rd7 24. Rac1 Qg5 25. e4 fxe4 26. fxe4 Bxc4 27. Rxf8+
Kxf8 28. Qxc4 Qe3+ 29. Kh1 Qd4 30. h3 Qxc4 31. Rxc4 Rb7 32. Rxc5 Rxb2 33. Rc8+
Kf7 34. Rc7+ Kf6 35. Rxa7 Re2 36. Ra4 h5 37. h4 g5 38. hxg5+ Kxg5 39. Kh2 e5
40. Rb4 h4 41. a4 Ra2 42. Rb5 Kf4 43. Rb4 Ra3 44. Rc4 Rb3 45. Rc8 Kxe4 46. a5
Ra3 47. Ra8 Kf5 48. a6 Kg6 49. a7 Kg7 50. Re8 1/2-1/2

[Event "44th Chess Olympiad Open 2022"]
[Site "Chennai"]
[Date "2022.07.30"]
[Round "2.10"]
[White "Haria, Ravi"]
[Black "Gong, Qianyun"]
[Result "1-0"]
[WhiteElo "2505"]
[BlackElo "2275"]
[Annotator "TA"]
[PlyCount "100"]
[EventDate "2022.07.29"]
[EventType "team-tourn"]
[EventCountry "IND"]
[SourceTitle "playchess.com"]
[Source "ChessBase"]
[SourceQuality "1"]
[WhiteTeam "England"]
[BlackTeam "SGP"]
[WhiteTeamCountry "ENG"]

1. e4 e6 2. d4 d5 3. e5 c5 4. c3 Nc6 5. Nf3 Nge7 6. Na3 cxd4 7. cxd4 Nf5 8. Nc2
Qb6 9. Bd3 Bd7 10. O-O a5 11. Kh1 Rc8 12. Rb1 h6 13. a3 a4 14. Be2 Na5 15. Bd2
Nb3 16. Bc3 Bb5 17. g3 g6 18. Kg2 Bc4 19. Bxc4 Rxc4 20. Qd3 Rc6 21. g4 Ne7 22.
Ng1 g5 23. Ne2 h5 24. h3 Ng6 25. f4 hxg4 26. hxg4 Qd8 27. Rh1 Rg8 28. Kf2 gxf4
29. Rh5 Rc4 30. Rbh1 Be7 31. Ke1 b5 32. Kd1 Kd7 33. Qf3 Bg5 34. Nb4 Kc8 35. Nd3
Nh4 36. Qf2 f3 37. Ng1 Ng2 38. Nxf3 Ne3+ 39. Ke2 Nxg4 40. Qg3 Be3 41. R1h4 Bxd4
42. Rxg4 Rxg4 43. Qxg4 Bxc3 44. Qg7 Qd7 45. Rh8+ Kb7 46. Qf8 d4 47. Qa8+ Kc7
48. bxc3 dxc3 49. Qb8+ Kc6 50. Rc8+ Kd5 1-0

[Event "44th Chess Olympiad Open 2022"]
[Site "Chennai"]
[Date "2022.07.30"]
[Round "2.10"]
[White "Siddharth, Jagadeesh"]
[Black "Jones, Gawain C B"]
[Result "1/2-1/2"]
[WhiteElo "2426"]
[BlackElo "2652"]
[Annotator "TA"]
[PlyCount "112"]
[EventDate "2022.07.29"]
[EventType "team-tourn"]
[EventCountry "IND"]
[SourceTitle "playchess.com"]
[Source "ChessBase"]
[SourceQuality "1"]
[WhiteTeam "SGP"]
[BlackTeam "England"]
[BlackTeamCountry "ENG"]

1. d4 Nf6 2. c4 e6 3. Nf3 d5 4. Nc3 Nbd7 5. Bg5 h6 6. Bh4 Be7 7. e3 O-O 8. Rc1
c5 9. cxd5 Nxd5 10. Bxe7 Nxe7 11. Bb5 cxd4 12. Qxd4 Nf6 13. O-O Qxd4 14. Nxd4
Rd8 15. Rfd1 Bd7 16. Be2 Rab8 17. Bf3 g5 18. h3 Kg7 19. Ne4 Nxe4 20. Bxe4 e5
21. Nb3 Bc6 22. Bxc6 Nxc6 23. Nc5 Rxd1+ 24. Rxd1 Rd8 25. Rxd8 Nxd8 26. g4 Kg6
27. Kf1 f5 28. gxf5+ Kxf5 29. f3 b6 30. Ne4 Nc6 31. Ke2 Ke6 32. a3 Ne7 33. Ng3
Nf5 34. Ne4 Nd6 35. Kd3 Nxe4 36. Kxe4 h5 37. f4 exf4 38. exf4 Kf6 39. fxg5+
Kxg5 40. Kf3 Kh4 41. Kg2 b5 42. b4 Kg5 43. Kg3 Kf5 44. Kh4 Kg6 45. Kg3 Kg5 46.
Kf3 Kf5 47. Kg3 Kg5 48. Kf3 Kh4 49. Kg2 a6 50. Kh2 Kg5 51. Kg3 h4+ 52. Kf3 Kf5
53. Ke3 Ke5 54. Kf3 Kf5 55. Ke3 Ke5 56. Kf3 Kf5 1/2-1/2

[Event "44th Chess Olympiad Open 2022"]
[Site "Chennai"]
[Date "2022.07.30"]
[Round "2.11"]
[White "Gukesh D"]
[Black "Kiik, Kalle"]
[Result "1-0"]
[WhiteElo "2684"]
[BlackElo "2365"]
[Annotator "TA"]
[PlyCount "77"]
[EventDate "2022.07.29"]
[EventType "team-tourn"]
[EventCountry "IND"]
[SourceTitle "playchess.com"]
[Source "ChessBase"]
[SourceQuality "1"]
[WhiteTeam "India"]
[BlackTeam "Estonia"]
[WhiteTeamCountry "IND"]
[BlackTeamCountry "EST"]

1. e4 c5 2. Nf3 Nc6 3. Nc3 a6 4. d4 cxd4 5. Nxd4 e5 6. Nf5 d6 7. Bc4 Nf6 8. Bg5
Bxf5 9. exf5 Be7 10. O-O Rc8 11. Bxf6 Bxf6 12. Bd5 O-O 13. Qd3 Qb6 14. Bb3 Ne7
15. Rad1 Rfd8 16. Qe4 d5 17. Nxd5 Nxd5 18. Rxd5 Rxd5 19. Qxd5 Qc7 20. Qd3 Rd8
21. Bd5 Qc5 22. Rd1 b5 23. a3 Qd4 24. c3 Qxd3 25. Rxd3 Kf8 26. Kf1 Bg5 27. Rd1
Bc1 28. Rxc1 Rxd5 29. Ke2 Ke7 30. c4 bxc4 31. Rxc4 a5 32. g4 Kf6 33. h4 Rd6 34.
b4 axb4 35. axb4 Ra6 36. Ke3 Ra2 37. Rc6+ Ke7 38. Rb6 Rb2 39. g5 1-0

[Event "44th Chess Olympiad Open 2022"]
[Site "Chennai"]
[Date "2022.07.30"]
[Round "2.11"]
[White "Adhiban, B.."]
[Black "Volodin, Aleksandr"]
[Result "1-0"]
[WhiteElo "2598"]
[BlackElo "2454"]
[Annotator "TA"]
[PlyCount "81"]
[EventDate "2022.07.29"]
[EventType "team-tourn"]
[EventCountry "IND"]
[SourceTitle "playchess.com"]
[Source "ChessBase"]
[SourceQuality "1"]
[WhiteTeam "India"]
[BlackTeam "Estonia"]
[WhiteTeamCountry "IND"]
[BlackTeamCountry "EST"]

1. d4 d5 2. c4 c6 3. Nf3 Nf6 4. Nc3 e6 5. g3 dxc4 6. Bg2 Be7 7. Ne5 O-O 8. O-O
Nbd7 9. Nxc4 Nd5 10. e4 Nxc3 11. bxc3 b5 12. Ne3 Bb7 13. a4 a6 14. e5 Nb6 15.
a5 Nd5 16. Nxd5 cxd5 17. Qg4 Kh8 18. Bd2 Rc8 19. Rfb1 Bc6 20. Bf1 Be8 21. Bd3
Rc6 22. Re1 Qc8 23. Qh3 g6 24. Qh6 Kg8 25. h4 f5 26. exf6 Bxf6 27. Qe3 Bf7 28.
h5 Bg7 29. h6 Bh8 30. Qe2 Qd7 31. Bf4 Qe7 32. Bd2 Rfc8 33. Kg2 Bf6 34. Qg4 Qd8
35. Re2 Rd6 36. Rae1 Qd7 37. Re3 Rf8 38. Rf3 Be8 39. Bg5 Qd8 40. Rxf6 Rxf6 41.
Qh4 1-0

[Event "44th Chess Olympiad Open 2022"]
[Site "Chennai"]
[Date "2022.07.30"]
[Round "2.11"]
[White "Chukavin, Kirill"]
[Black "Praggnanandhaa R"]
[Result "0-1"]
[WhiteElo "2418"]
[BlackElo "2648"]
[Annotator "TA"]
[PlyCount "82"]
[EventDate "2022.07.29"]
[EventType "team-tourn"]
[EventCountry "IND"]
[SourceTitle "playchess.com"]
[Source "ChessBase"]
[SourceQuality "1"]
[WhiteTeam "Estonia"]
[BlackTeam "India"]
[WhiteTeamCountry "EST"]
[BlackTeamCountry "IND"]

1. e4 c5 2. Nf3 Nc6 3. d4 cxd4 4. Nxd4 Nf6 5. Nc3 d6 6. g3 g6 7. Nde2 Bg7 8.
Bg2 Bd7 9. h3 Qc8 10. Nf4 h5 11. Nfd5 Nxd5 12. Nxd5 b5 13. c3 O-O 14. Bg5 Re8
15. Kf1 Be6 16. Kg1 b4 17. cxb4 Bxd5 18. Qxd5 Nxb4 19. Qd2 Rb8 20. Rc1 Qa6 21.
a3 Nc6 22. Bf1 Qb7 23. b4 Nd4 24. Qd3 a5 25. Be3 Nf3+ 26. Kg2 Ne5 27. Qb1 axb4
28. a4 b3 29. Bb5 b2 30. Rcd1 Nc6 31. Rhe1 Rec8 32. Re2 Na7 33. Bxa7 Qxa7 34.
Rc2 Rc5 35. Rdd2 Rbc8 36. h4 Qa8 37. f3 Qa5 38. Re2 Rxc2 39. Rxc2 Rxc2+ 40.
Qxc2 Qe1 41. Bd3 Bd4 0-1

[Event "44th Chess Olympiad Open 2022"]
[Site "Chennai"]
[Date "2022.07.30"]
[Round "2.11"]
[White "Shishkov, Andrei"]
[Black "Sadhwani, Raunak"]
[Result "0-1"]
[WhiteElo "2366"]
[BlackElo "2611"]
[Annotator "TA"]
[PlyCount "118"]
[EventDate "2022.07.29"]
[EventType "team-tourn"]
[EventCountry "IND"]
[SourceTitle "playchess.com"]
[Source "ChessBase"]
[SourceQuality "1"]
[WhiteTeam "Estonia"]
[BlackTeam "India"]
[WhiteTeamCountry "EST"]
[BlackTeamCountry "IND"]

1. d4 f5 2. g3 Nf6 3. Bg2 g6 4. Nh3 Bg7 5. b3 c5 6. dxc5 Qa5+ 7. c3 Qxc5 8. O-O
Nc6 9. Ba3 Qa5 10. b4 Qc7 11. Qb3 e6 12. Nd2 d5 13. b5 Na5 14. Qa4 Bd7 15. Rac1
Ne4 16. Bxe4 dxe4 17. Ng5 b6 18. Qb4 Bf8 19. Qd4 e5 20. Qd5 O-O-O 21. Bb4 Be8
22. Qa8+ Qb8 23. Qxb8+ Kxb8 24. Bxf8 Rxf8 25. Ne6 Rxd2 26. Nxf8 Bxb5 27. Rfd1
Rxa2 28. Nd7+ Kc8 29. Nxe5 Nb3 30. Rb1 Bxe2 31. Re1 Nc5 32. Ra1 Rxa1 33. Rxa1
a5 34. Nc6 Nb3 35. Ra3 Bc4 36. Ne5 Be6 37. f3 Kc7 38. fxe4 fxe4 39. Kf2 Nc5 40.
Ke3 Kd6 41. Kd4 b5 42. h3 a4 43. Ng4 Bf5 44. Nf6 Nb3+ 45. Ke3 Ke5 46. Nxh7 Na5
47. Ra1 Nc4+ 48. Kf2 Bxh3 49. Rb1 e3+ 50. Ke1 Bd7 51. Nf8 Be8 52. Nxg6+ Bxg6
53. Rxb5+ Ke4 54. Rb4 Kd3 55. Rxa4 Bh5 56. Ra7 Ne5 57. Re7 Nf3+ 58. Kf1 Bg4 59.
Re8 Bh3# 0-1

[Event "44th Chess Olympiad Open 2022"]
[Site "Chennai"]
[Date "2022.07.30"]
[Round "2.12"]
[White "Ter-Sahakyan, Samvel"]
[Black "De La Riva Aguado, Oscar"]
[Result "1/2-1/2"]
[WhiteElo "2625"]
[BlackElo "2424"]
[Annotator "TA"]
[PlyCount "57"]
[EventDate "2022.07.29"]
[EventType "team-tourn"]
[EventCountry "IND"]
[SourceTitle "playchess.com"]
[Source "ChessBase"]
[SourceQuality "1"]
[WhiteTeam "Armenia"]
[BlackTeam "Andorra"]
[WhiteTeamCountry "ARM"]
[BlackTeamCountry "AND"]

1. d4 d5 2. c4 c6 3. Nf3 e6 4. Nc3 dxc4 5. e4 b5 6. Be2 Bb7 7. O-O Nd7 8. d5
cxd5 9. exd5 exd5 10. Bf4 a6 11. Nxd5 Bxd5 12. Qxd5 Ngf6 13. Qf5 Be7 14. Rad1
Qb6 15. Ng5 Rd8 16. b3 cxb3 17. axb3 h6 18. Be3 Qc7 19. Nf3 O-O 20. Rc1 Qb7 21.
Nd4 Qd5 22. Qh3 Ne5 23. Nf5 Ng6 24. Bxh6 gxh6 25. Nxh6+ Kg7 26. Nf5+ Kg8 27.
Nh6+ Kg7 28. Nf5+ Kg8 29. Nh6+ 1/2-1/2

[Event "44th Chess Olympiad Open 2022"]
[Site "Chennai"]
[Date "2022.07.30"]
[Round "2.12"]
[White "Henderson de La Fuente, Lance"]
[Black "Sargissian, Gabriel"]
[Result "1/2-1/2"]
[WhiteElo "2490"]
[BlackElo "2698"]
[Annotator "TA"]
[PlyCount "63"]
[EventDate "2022.07.29"]
[EventType "team-tourn"]
[EventCountry "IND"]
[SourceTitle "playchess.com"]
[Source "ChessBase"]
[SourceQuality "1"]
[WhiteTeam "Andorra"]
[BlackTeam "Armenia"]
[WhiteTeamCountry "AND"]
[BlackTeamCountry "ARM"]

1. e4 e5 2. Nf3 Nc6 3. Bb5 a6 4. Bxc6 dxc6 5. O-O Qf6 6. d4 exd4 7. Qxd4 Qxd4
8. Nxd4 Bd7 9. Nc3 O-O-O 10. Be3 Ne7 11. Rad1 Ng6 12. f3 Re8 13. Nb3 b6 14. Nd2
h5 15. Ne2 Ne5 16. b3 c5 17. h3 g6 18. Nf4 Be7 19. Nd5 Bd8 20. Rfe1 g5 21. Bf2
Rhg8 22. g4 Rh8 23. Bg3 Rh6 24. Kg2 Nc6 25. Nc4 b5 26. Nce3 Nb4 27. c3 Nxd5 28.
Rxd5 Rc6 29. Rdd1 hxg4 30. hxg4 c4 31. bxc4 Be6 32. cxb5 1/2-1/2

[Event "44th Chess Olympiad Open 2022"]
[Site "Chennai"]
[Date "2022.07.30"]
[Round "2.12"]
[White "Ribera Veganzones, Josep Maria"]
[Black "Petrosyan, Manuel"]
[Result "0-1"]
[WhiteElo "2228"]
[BlackElo "2610"]
[Annotator "TA"]
[PlyCount "50"]
[EventDate "2022.07.29"]
[EventType "team-tourn"]
[EventCountry "IND"]
[SourceTitle "playchess.com"]
[Source "ChessBase"]
[SourceQuality "1"]
[WhiteTeam "Andorra"]
[BlackTeam "Armenia"]
[WhiteTeamCountry "AND"]
[BlackTeamCountry "ARM"]

1. e4 e5 2. Nf3 Nc6 3. d4 exd4 4. Nxd4 Qf6 5. Be3 Bc5 6. c3 Nge7 7. Bb5 Bb6 8.
O-O O-O 9. a4 a5 10. Na3 d5 11. Nxc6 bxc6 12. Bxb6 cxb6 13. Bd3 Be6 14. exd5
Nxd5 15. Qc2 h5 16. Be4 h4 17. h3 Nf4 18. Bxc6 Bxh3 19. Bf3 Bxg2 20. Bxg2 Qg5
21. f3 h3 22. Rf2 Rae8 23. Nc4 hxg2 24. Rxg2 Nxg2 25. Qxg2 Qc5+ 0-1

[Event "44th Chess Olympiad Open 2022"]
[Site "Chennai"]
[Date "2022.07.30"]
[Round "2.13"]
[White "Maghsoodloo, Parham"]
[Black "Baburin, Alexander"]
[Result "1-0"]
[WhiteElo "2701"]
[BlackElo "2400"]
[Annotator "TA"]
[PlyCount "67"]
[EventDate "2022.07.29"]
[EventType "team-tourn"]
[EventCountry "IND"]
[SourceTitle "playchess.com"]
[Source "ChessBase"]
[SourceQuality "1"]
[WhiteTeam "Iran"]
[BlackTeam "Ireland"]
[WhiteTeamCountry "IRI"]
[BlackTeamCountry "IRL"]

1. e4 Nf6 2. e5 Nd5 3. d4 d6 4. c4 Nb6 5. f4 g6 6. Nc3 Bg7 7. Nf3 O-O 8. Be3
Be6 9. b3 c5 10. dxc5 N6d7 11. cxd6 exd6 12. Be2 dxe5 13. Rc1 exf4 14. Bxf4 Qa5
15. Bd2 Qb6 16. Na4 Qc7 17. Bb4 Re8 18. Bd6 Qd8 19. O-O Nc6 20. Kh1 Bg4 21. c5
Bf8 22. h3 Bxf3 23. Bxf3 Nde5 24. Nc3 Qh4 25. Nb5 Bxd6 26. Nxd6 Re7 27. Bd5 Rf8
28. a3 Kg7 29. b4 a6 30. Qd2 f5 31. Rce1 f4 32. Re4 Qg3 33. Qe1 Qxe1 34. Rfxe1
1-0

[Event "44th Chess Olympiad Open 2022"]
[Site "Chennai"]
[Date "2022.07.30"]
[Round "2.13"]
[White "Idani, Pouya"]
[Black "O`Gorman, Tom"]
[Result "1-0"]
[WhiteElo "2641"]
[BlackElo "2401"]
[Annotator "TA"]
[PlyCount "91"]
[EventDate "2022.07.29"]
[EventType "team-tourn"]
[EventCountry "IND"]
[SourceTitle "playchess.com"]
[Source "ChessBase"]
[SourceQuality "1"]
[WhiteTeam "Iran"]
[BlackTeam "Ireland"]
[WhiteTeamCountry "IRI"]
[BlackTeamCountry "IRL"]

1. e4 e5 2. Nf3 Nc6 3. Bb5 a6 4. Ba4 Nf6 5. O-O Be7 6. Re1 b5 7. Bb3 O-O 8. d3
d6 9. Bd2 Rb8 10. h3 a5 11. a4 b4 12. Be3 d5 13. Nbd2 Bb7 14. Bg5 dxe4 15. dxe4
Nd7 16. Be3 Nb6 17. Nc4 Nxc4 18. Bxc4 Qd6 19. Bd5 Rfd8 20. Qd3 Qg6 21. Qc4 h6
22. Rad1 Bg5 23. Bxg5 hxg5 24. Nxg5 Qxg5 25. Bxc6 Bxc6 26. Qxc6 Rd2 27. Qxc7
Rbd8 28. Rxd2 Qxd2 29. Rf1 Rd6 30. Qxa5 Qd4 31. c3 bxc3 32. Qxc3 Qxa4 33. Qxe5
Re6 34. Qf5 Rxe4 35. Rc1 g6 36. Qf6 Qd7 37. Qc3 Re8 38. b4 Rb8 39. Qb3 Qb7 40.
b5 Qe4 41. b6 Rb7 42. Rc8+ Kh7 43. Qc3 g5 44. Rh8+ Kg6 45. Rg8+ Kf5 46. g4+ 1-0

[Event "44th Chess Olympiad Open 2022"]
[Site "Chennai"]
[Date "2022.07.30"]
[Round "2.13"]
[White "Murphy, Conor E"]
[Black "Tabatabaei, M. Amin"]
[Result "1-0"]
[WhiteElo "2404"]
[BlackElo "2664"]
[Annotator "TA"]
[PlyCount "131"]
[EventDate "2022.07.29"]
[EventType "team-tourn"]
[EventCountry "IND"]
[SourceTitle "playchess.com"]
[Source "ChessBase"]
[SourceQuality "1"]
[WhiteTeam "Ireland"]
[BlackTeam "Iran"]
[WhiteTeamCountry "IRL"]
[BlackTeamCountry "IRI"]

1. e4 c6 2. d4 d5 3. exd5 cxd5 4. Bd3 Nc6 5. c3 e6 6. Nf3 Bd6 7. O-O Nge7 8.
Re1 O-O 9. a4 a6 10. h3 Ng6 11. Nbd2 Bd7 12. b4 Qc7 13. Bb2 Rfe8 14. Nb3 a5 15.
b5 Nce7 16. Rc1 b6 17. c4 dxc4 18. Rxc4 Qd8 19. Ne5 Bb4 20. Rf1 Nd5 21. Qf3 Qe7
22. Be4 Rac8 23. Rfc1 Rxc4 24. Rxc4 Rc8 25. Bxd5 exd5 26. Qxd5 Rxc4 27. Qxc4
Nxe5 28. dxe5 Be6 29. Qd3 h5 30. Nd4 Qd7 31. Qf3 Bc5 32. Nxe6 fxe6 33. Bc3 Bb4
34. Kh2 h4 35. Qa8+ Kf7 36. Qf3+ Kg8 37. Qc6 Qf7 38. Qa8+ Bf8 39. Qf3 Qxf3 40.
gxf3 Be7 41. Bd4 Bd8 42. f4 Kf7 43. f5 exf5 44. f4 Ke6 45. Kg2 Kd5 46. Bf2 Ke6
47. Kf3 Kd5 48. Ke2 Ke6 49. Kd3 Kd5 50. Be3 Bc7 51. Bd4 Bd8 52. Bf2 Ke6 53. Kc4
g5 54. fxg5 Kxe5 55. Bxh4 Ke6 56. Kd3 Bc7 57. Ke3 Kf7 58. Kf3 Kg6 59. Bg3 Bd8
60. h4 Be7 61. Bf2 Bd8 62. Be3 Kh5 63. Kf4 Kg6 64. Bd4 Bc7+ 65. Be5 Bd8 66. Bd6
1-0